000 00399nam a2200169Ia 4500
008 230711s9999||||xx |||||||||||||| ||und||
020 _a978-93-5029-058-3
041 _aENG
082 _a800
_bLE-G
100 _aLelyveld,Joseph
245 0 _aGreat soul
250 _a1st Ed.
260 _c2011
_aNew Delhi
_bHarperCollins Publishers India
300 _a425
650 _aLiterature
942 _cBK
999 _c5307
_d5307